5HLuxD.jpg

KING HENRY VIII SENIOR AND PRIMARY SCHOOL LIBRARY OPAC

Wild swans : (Record no. 5824)

000 -LEADER
fixed length control field 00909pam a2200301 a 4500
001 - CONTROL NUMBER
control field 015973480
003 - CONTROL NUMBER IDENTIFIER
control field Uk
005 - DATE AND TIME OF LATEST TRANSACTION
control field 20251118095507.0
008 - FIXED-LENGTH DATA ELEMENTS--GENERAL INFORMATION
fixed length control field 111118s2012 enkacfj 001 0ceng c
020 ## - INTERNATIONAL STANDARD BOOK NUMBER
International Standard Book Number 9780743254397
035 ## - SYSTEM CONTROL NUMBER
System control number (WlAbNL)vtls006296052
038 ## - RECORD CONTENT LICENSOR
Record content licensor Uk
040 ## - CATALOGING SOURCE
Original cataloging agency StDuBDS
Language of cataloging eng
Transcribing agency StDuBDS
Modifying agency WlAbNL
-- Uk
-- KH8
042 ## - AUTHENTICATION CODE
Authentication code ukscp
082 04 - DEWEY DECIMAL CLASSIFICATION NUMBER
Classification number 951.050 CHA
Edition number 23
100 1# - MAIN ENTRY--PERSONAL NAME
Personal name Chang, Jung,
Dates associated with a name 1952-
Relator term author.
245 10 - TITLE STATEMENT
Title Wild swans :
Remainder of title three daughters of China /
Statement of responsibility, etc. Jung Chang.
260 ## - PUBLICATION, DISTRIBUTION, ETC.
Place of publication, distribution, etc. London :
Name of publisher, distributor, etc. HarperPress,
Date of publication, distribution, etc. 2012.
300 ## - PHYSICAL DESCRIPTION
Extent xxiv, 688 p., [16] p. of plates :
Other physical details ill., geneal tables, map, ports. ;
Dimensions 20 cm.
336 ## - CONTENT TYPE
Content type term text
Source rdacontent
337 ## - MEDIA TYPE
Media type term unmediated
Source rdamedia
338 ## - CARRIER TYPE
Carrier type term volume
Source rdacarrier
500 ## - GENERAL NOTE
General note Includes index.
600 10 - SUBJECT ADDED ENTRY--PERSONAL NAME
Personal name Chang, Jung,
Dates associated with a name 1952-
650 #0 - SUBJECT ADDED ENTRY--TOPICAL TERM
Topical term or geographic name entry element Women
Geographic subdivision China
Form subdivision Biography.
651 #0 - SUBJECT ADDED ENTRY--GEOGRAPHIC NAME
Geographic name China
General subdivision History
Chronological subdivision 20th century.
942 ## - ADDED ENTRY ELEMENTS (KOHA)
Source of classification or shelving scheme
Koha item type Books - Non Ficton
Holdings
Withdrawn status Lost status Source of classification or shelving scheme Damaged status Not for loan Collection code Permanent Location Current Location Shelving location Date acquired Full call number Barcode Date last seen Copy number Price effective from Koha item type
          Non-Fiction KH8 Senior School Library KH8 Senior School Library Non Fiction 2025-11-18 951.050 CHA 3KHSL000102516 2025-11-18 Donation Book 2025-11-18 Books - Non Ficton

Powered By KH8 IT Dept